The cluertain manifesto : the end of business as usual
Αποθηκεύτηκε σε:
| Άλλοι συγγραφείς: | |
|---|---|
| Μορφή: | Βιβλίο |
| Γλώσσα: | English |
| Δημοσίευση: |
Cambridge, Mass. :
Perseus Books,
c2000
|
| Θέματα: | |
| Ετικέτες: |
Προσθήκη ετικέτας
Δεν υπάρχουν, Καταχωρήστε ετικέτα πρώτοι!
|
MARC
| LEADER | 00000nam a2200000 i 4500 | ||
|---|---|---|---|
| 001 | 1/16539 | ||
| 008 | 010201s2000 eng d | ||
| 020 | |a 0-7382-0244-4 | ||
| 035 | |l 10065810 | ||
| 040 | |a GR-MY-UA |b gre |e aacr | ||
| 041 | 0 | |a eng | |
| 082 | 0 | |a 303.4833 | |
| 245 | 1 | 4 | |a The cluertain manifesto : |b the end of business as usual / |c Rick Levine ... [et al.]. |
| 260 | |a Cambridge, Mass. : |b Perseus Books, |c c2000 | ||
| 300 | |a xxii, 190 p.; |c 24 cm. | ||
| 650 | 0 | 0 | |a Electronic commerce |x Social aspects. |
| 650 | 0 | 0 | |a Customer relations |x Technological innovations. |
| 650 | 0 | 0 | |a Internet marketing. |
| 650 | 0 | 0 | |a Intranets (Computer networks) |
| 650 | 0 | 0 | |a Corporate culture. |
| 650 | 0 | 0 | |a Information superhighway |x Economic aspects. |
| 700 | 1 | |a Levine, Rick. | |
| 852 | |a INST |b SAMOS |e 20010201 |h 330.4833 CLU |p 005300018407 |q 005300018407 |t BK |y 0 | ||
| 852 | |a INST |b SAMOS |e 20010222 |h 330.4833 CLU |p 005300021628 |q 005300021628 |t BK |y 0 | ||
| 852 | |a INST |b SAMOS |e 20010222 |h 330.4833 CLU |p 005300021629 |q 005300021629 |t BK |y 0 | ||
| 901 | |a BIBL3-2001-1 | ||
| 909 | |a Σ |b 081818 | ||
| 909 | |a Σ |b 085788 | ||
| 909 | |a Σ |b 085789 | ||
| 922 | |a 3ΕΛΗ |b 200008 |c ΤΠΕΣ/ΠΟΛ2 |d LEADER | ||
| 970 | |a ΠΟΥΡΝΑΡΑΣ |b ΔΗΜΗΤΡΗΣ |z 2001/02/01 | ||